Crónica provincial: Martorell / por I. Clopas Batlle Martorell / por I. Clopas Batlle
Publicado:
San Jorge, núm. 88 (4t trimestre 1972), pàg 69 :
MARC
| LEADER | 00000nam a2200000Ia 4500 | ||
|---|---|---|---|
| 001 | |||
| 008 | 160829s9999 xx 000 0 cat d | ||
| 100 | 1 | |a Clopas i Batlle, Isidre, |d 1913-2001 |9 24339 | |
| 245 | |a Crónica provincial: |b Martorell / por I. Clopas Batlle | ||
| 260 | |a San Jorge, núm. 88 (4t trimestre 1972), pàg 69 | ||
| 650 | |a Martorell |x Vida social i costums |9 41883 | ||
| 650 | |a Sindicats |x Martorell |9 41884 | ||
| 650 | 0 | |a Reunions |9 41871 | |
| 901 | |a Arxiu | ||
| 942 | |n 1 | ||
| 952 | |0 0 |1 0 |4 0 |7 1 |9 50532 |a Arxiu |b Arxiu |d 2016-12-01 |l 0 |r 2016-12-01 00:00:00 |w 2016-12-01 |y ARXIU | ||
| 999 | |c 54374 |d 54374 | ||